Statistics for Pokémon GO: Lowest CP Water-type Pokémon

Click here to take the quiz!

General Stats

  • This quiz has been taken 14 times
  • The average score is 12 of 21

Answer Stats

Max CPAnswer% Correct
310Magikarp
100%
310Feebas
89%
807Dewpider
67%
937Poliwag
67%
1098Seel
67%
1088Spheal
67%
1069Squirtle
67%
567Wimpod
67%
925Barboach
56%
676Lotad
56%
959Luvdisc
56%
521Marill
56%
1031Remoraid
56%
865Wingull
56%
968Ducklett
44%
1098Finneon
44%
894Surskit
44%
948Tympole
44%
1069Binacle
33%
725Wooper
33%
1081Panpour
22%

Score Distribution

Percentile by Number Answered

Percent of People with Each Score

Your Score History

You have not taken this quiz